000 00902nam a2200265 i 4500
001 bg
245 0 0 _aForscher und Erfinder aus Naturwissenschaft und Technik im Deutschen Museum =
_bResearchers and inventors of science and technology in the German Museum /
_c[tł. Timothy Nevill, Jean-Jacques Leray, Luis Martinez].
246 _aResearchers and inventors of science and technology in the German Museum
260 _aBonn :
_bInter Nationes,
_c1985.
300 _a136 s. :
_bil. ;
_c28 cm.
500 _aTyt. także w jęz. ang., franc., hisz.
650 9 _aWynalazki.
650 9 _aOdkrycia.
700 1 _aNevill, Timothy.
_eTł.
700 1 _aLeray, Jean-Jacques.
_eTł.
700 1 _aMartinez, Luis.
_eTł.
040 _cBPK
041 0 _ager
044 _aDEU
080 _a001.894
080 _a929-052
080 _a5
942 _cKS
008 130116s pl a f |000 0 pol
999 _c53889
_d53889
856 _uhttp://koha.tu.koszalin.pl/cgi-bin/koha/opac-detail.pl?biblionumber=53889
_yKatalog online BPK